000 00315nam a22001337a 4500
008 170615b xxu||||| |||| 00| 0 eng d
020 _a9781588266026
041 _aeng
080 _a32
100 _a19
101 _aSHP
245 _aPOLITICAL PARTICIPATION IN THE MIDDLE EAST
_cOKAR.E.L
942 _2udc
_cBK
999 _c17604
_d17604